Dwellings : a spiritual history of the living world /
Uložené v:
| Hlavný autor: | |
|---|---|
| Médium: | Kniha |
| Jazyk: | English |
| Vydané: |
New York :
Simon & Schuster,
1996
|
| Vydanie: | 1st ed. |
| Edícia: | A Touchstone book
|
| Témy: | |
| ISBN: |
0684830337 (brož.) |
| Fyzický popis: |
159 s. : il. ; 20 cm |
| Tagy: |
Pridať tag
Žiadne tagy, Buďte prvý kto otaguje tento záznam!
|
Titul je dostupný aj v ... 

MARC
| LEADER | 00000nam a2200000 a 4500 | ||
|---|---|---|---|
| 001 | 000000048 | ||
| 005 | 20040308113448.0 | ||
| 008 | 040217s1996 xxu j engo | ||
| 020 | |a 0684830337 (brož.) | ||
| 040 | |a SVKKK |b slo |c SVKKK |e AACR2 | ||
| 041 | 0 | |a eng | |
| 044 | |a xxu |c US | ||
| 072 | 7 | |a 11 |x Metafyzika |2 konspekt | |
| 080 | |a 113/119 |2 1997 | ||
| 080 | |a (048.8) |2 1997 | ||
| 100 | 1 | |a Hogan, Linda |4 aut | |
| 245 | 1 | 0 | |a Dwellings : |b a spiritual history of the living world / |c Linda Hogan |
| 250 | |a 1st ed. | ||
| 260 | |a New York : |b Simon & Schuster, |c 1996 | ||
| 300 | |a 159 s. : |b il. ; |c 20 cm | ||
| 440 | 0 | |a A Touchstone book | |
| 650 | 0 | 7 | |a filozofia prírody |2 SVKKKPH |
| 655 | 7 | |a štúdie |2 SVKKKPH | |
| 655 | 7 | |a príručky |2 SVKKKPH | |
| 919 | |a 0-684-83033-7 | ||
| 998 | |a BK | ||
| 090 | |g SCKUS |k Americké centrum |a III.196170 |j 959469 |i 2720020310 |s Voľný výber | ||